| 000 | 00593nam a2200241 a 4500 | ||
|---|---|---|---|
| 001 | nice12345678 | ||
| 003 | IN_TiNIC | ||
| 005 | 20260116011905.0 | ||
| 008 | 050524s1893 laha grp 000 0 urd | ||
| 020 |
_a _c100 |
||
| 082 | 0 | 0 |
_a297.294 _bAHM |
| 100 | _aAhmad, Ghulam | ||
| 245 | _aVed and Qur`an Ka Muqabila | ||
| 260 |
_aLahore _bIslamia Press _c1893 |
||
| 300 | _a86p | ||
| 500 | _aincludes index and biblioraphy | ||
| 505 | 2 | _athree parts of first volume | |
| 650 | _aIslam-Apologetic Works | ||
| 700 | 1 | _aAhmad, Ghulam | |
| 902 | _bSRS | ||
| 942 | _cBK | ||
| 999 |
_c4738 _d4738 |
||